| 000 | 00676nam a2200205Ia 4500 | ||
|---|---|---|---|
| 001 | 13238 | ||
| 008 | 250715b |||||||| |||| 00| 0 spa d | ||
| 020 | _a978-607-110-968-2 | ||
| 041 | _aspa | ||
| 082 | _a612.80285 C31y | ||
| 100 | _aCarr, Nicholas | ||
| 240 | _aThe shallows. What the internet in Doingto Our Brains | ||
| 245 |
_aSuperficiales: _b¿Qué está haciendo internet con nuestras mentes? por Nicholas Carr; Pedro Cifuentes trad. |
||
| 260 |
_aMéxico: _bTaurus, 2011 |
||
| 300 | _a340 p. | ||
| 490 | _aTaurus. Pensamiento | ||
| 650 | _aInternet-Aspectos psicológicos | ||
| 650 | _aInternet-Aspectos fisiológicos | ||
| 700 | _aI.Cifuentes, Pedro trad. | ||
| 999 |
_c232992 _d232992 |
||